000
00342cam a2200145ua 4500
041
_a
eng
_h
082
_a
823.308
_b
BRO/WU
100
_a
Bronte, Emily .
245
_a
Wuthering heights /
_c
Emily Bronte.
_h
Textual Documents
260
_a
London :
_b
Longman ,
_c
1965.
300
_a
170 ; .
504
_a
942
_c
BK
999
_c
5874
_d
5874